| 000 | 00638nam a22002057a 4500 | ||
|---|---|---|---|
| 003 | 0 | ||
| 005 | 20251112090726.0 | ||
| 008 | 251112b xxu||||| |||| 00| 0 eng d | ||
| 020 | _a0-553-27745-6 | ||
| 050 |
_aPZ 1 _b.F54 2005 |
||
| 245 |
_a50 great short stories / _cedited by Milton Crane. |
||
| 260 |
_aNew York, NY : _bBantam Dell, _c2005. |
||
| 300 |
_a571 pages ; _c18 cm. |
||
| 504 | _aIncludes index. | ||
| 650 |
_aShort stories _xAnthologies. |
||
| 650 |
_aEnglish literature _xShort stories _vCollections. |
||
| 650 |
_aAmerican literature _xShort stories _vCollections. |
||
| 700 |
_aCrane, Milton, _eeditor. |
||
| 942 |
_2lcc _cBK |
||
| 999 |
_c368608 _d368608 |
||